| 000 | 01265nam a22002057a 4500 | ||
|---|---|---|---|
| 003 | JO-AjAnu | ||
| 005 | 20250720091023.0 | ||
| 008 | 250719b jo ||||| |||| 00| 0 ara d | ||
| 040 |
_aJO-AjAnu _bara _cJO-AjAnu _dJO-AjAnu _erda |
||
| 041 |
_aara _hara |
||
| 050 |
_aLC4704 _b2025 |
||
| 100 | 1 |
_aالقضاة، ديما فتحي محمد _eمعد _966609 |
|
| 245 | 0 |
_aفاعلية برنامج تدريبي معرفي في تنمية الوعي بمؤشرات صعوبات التعلم لدى معلمات رياض الأطفال = The Effectiveness of a Cognitive Training Program in Developing Awareness of Learning Disabilities Indicators among KindergartenTeachers / _cاعداد ديما فتحي محمد القضاة ؛ اشراف برهان محمود حمادنة |
|
| 260 | _c2025 | ||
| 300 | _a88 ورقة | ||
| 504 | _aرسالة جامعية(رسالة ماجستير)-جامعة عجلون الوطنية(عجلون،الاردن)-كلية العلوم التربوية،قسم التربية الخاصة تخصص صعوبات التعلم،2025. | ||
| 650 | 7 | 0 |
_aصعوبات التعلم- اطفال معوقون-تعليم-رياض الاطفال _966610 |
| 700 | 1 |
_aحمادنة، برهان محمود _eمشرف _966032 |
|
| 942 |
_2lcc _cTHS _n0 |
||
| 999 |
_c33954 _d33954 |
||